000 00513nam a2200193 i 4500
001 bg
100 1 _aPUTERNICKI, Przemysław
245 0 _aSilniki elektryczne małej mocy /
_coprac. Przemysław Puternicki.
260 _aWarszawa,
_c1975.
490 1 _aKatalog SWW 1111-71,-72,-73
650 9 _aSilniki elektryczne
655 _aKatalogi
830 _aKatalog SWW 1111-71,-72,-73
040 _cBPK
041 _apol
080 _a621.313.13
942 _cKA
008 s pl f |000 0 pol
999 _c35292
_d35292
856 _uhttp://koha.tu.koszalin.pl/cgi-bin/koha/opac-detail.pl?biblionumber=35292
_yKatalog online BPK